000 00291nam a22001337a 4500
008 170926b xxu||||| |||| 00| 0 eng d
020 _a9780669201598
041 _aeng
080 _23RD
_a37
100 _a46
101 _aEDU
245 _aGRADED GERMAN READER
_cSTUFE,E
942 _2udc
_cBK
999 _c29767
_d29767